00345 a2200145 450000100060000002000150000604000240002110000230004524000350006824500300010330000070013336200090014044000190014965000310016869969 a8520916554 cAnchieta - Itaigara aMachado, Ana Maria10aO príncipe que bocejavalpor10aO príncipe que bocejava a240 a2004 1aNova Fronteira 4aLiteratura infanto-juvenil